000137714 001__ 137714
000137714 005__ 20220920135206.0
000137714 0247_ $$2doi$$a10.1137/1.9780898719550
000137714 037__ $$aERESRWTH-2021-00102
000137714 1001_ $$aHigham, Nicholas J.$$b0
000137714 245__ $$aHandbook of Writing for the Mathematical Sciences, Second Edition
000137714 260__ $$bSociety for Industrial and Applied Mathematics$$c1998
000137714 3367_ $$2BibTeX$$aBOOK
000137714 3367_ $$0PUB:(DE-HGF)3$$2PUB:(DE-HGF)$$aBook$$bbook$$mbook$$s1634026792_14930
000137714 3367_ $$2DataCite$$aOutput Types/Book
000137714 3367_ $$2ORCID$$aBOOK
000137714 3367_ $$01$$2EndNote$$aBook
000137714 3367_ $$2DRIVER$$abook
000137714 500__ $$aLiteraturreferenz ; Die Online-Ressource ist über den KatalogPlus der RWTH Universitätsbibliothek verfügbar!
000137714 588__ $$aDataset connected to CrossRef Book
000137714 909CO $$ooai:reserves.ub.rwth-aachen.de:137714$$pVDB
000137714 9151_ $$0StatID:(DE-HGF)2102$$2StatID$$aLiteraturreferenz / Reference only$$x0
000137714 9201_ $$0I:(DE-RON)21ws-12.59324$$k21ws-12.59324$$lSeminar Theoretical Topics in Data Science (SE) [21ws-12.59324]$$x0
000137714 961__ $$c2021-10-12T10:22:45.498730$$i2021-10-11T20:25:09.822998$$x2021-10-11T20:25:09.822998$$z2021-10-12T10:22:45.498730
000137714 980__ $$abook
000137714 980__ $$aVDB
000137714 980__ $$aI:(DE-RON)21ws-12.59324
000137714 980__ $$aUNRESTRICTED